'Merlin' villains Quiz Stats

 Plays Quiz not verified by Sporcle

Challenge
Share
Tweet
Embed
Score 0/12 Timer 04:00
0 Plays Today
Actor or Actress Villain % Correct
Michelle RyanNimueh
94%
Emilia FoxMorgause
85.8%
Julian Rhind-TuttEdwin Muriden
72.7%
Sarah ParishCatrina
70.9%
Tom EllisCenred
59.1%
Charles DanceAredian
47.7%
Eve MylesMary Collins
42.9%
Adam GodleyJonas
39.3%
Miriam MargoylesGrunhilda
36.7%
Cal MacaninchTauren
29.7%
Alexander SiddigKanen
26.1%
James CosmoHengist
25.3%

You're not logged in!

Compare scores with friends on all Sporcle quizzes.
OR
Log In

You Might Also Like...

Show Comments

Extras

Top Quizzes Today


Score Distribution

Your Account Isn't Verified!

In order to create a playlist on Sporcle, you need to verify the email address you used during registration. Go to your Sporcle Settings to finish the process.

Report this User

Report this user for behavior that violates our Community Guidelines.

Details: